000 00657nam a2200205Ii 4500
003 JO-AjNU
008 230605s9999||||xx |||||||||||||| ||und||
017 _a2006/12/3254
040 _aJO-AjNU
_bara
_erda
_cJO-AjNU
041 _aara
050 1 4 _aPN6222.J6.N27 2006
100 3 _aالنصيرات، كامل,
_eauthor
_950345
245 0 0 _aنكشة راس عالأصلي: نصوص ساخرة إلا شوي
264 3 1 _aعمان: المؤلف، 2007
300 _a119ص
336 _atext
_btxt
_2rdacontent
337 _aunmediated
_bn
_2rdamedia
338 _avolume
_bnc
_2rdacarrier
650 4 _aالأدب العربي - قصص - نصوص
_950346
999 _aA22171
_c25739
_d25739